Регионална библиотека "Любен Каравелов" - Русе

Путешествия в мире марок (Запис номер 11527)

MARC детайли
000 -Лидер
Контролно поле с фиксирана дължина 01376nam a2200337 c 4500
003 - Код на организацията, давaща контролен номер
Контролно поле BLK
005 - Дата и час на последна редакция
Контролно поле 20180420214646.0
008 - Елементи от данни с фиксирана дължина
fixed length control field 180412b bul|||||r ||||||| ||bul||
010 ## - Наследен системен номер
LC control number KNG00013075000
040 ## - Източник на каталожния запис
Идентификатор на билиотеката - собственик на записа BLK
041 ## - Код за език
Код за езика на текст/звукозапис или на отделно заглавие Руски
Код за езика КДБФ Руски
080 ## - УДК
Текстов определител УДК Предплащане на пощенски услуги. Франкировка. Пощенски марки. Филателия
УДК код - определител по УДК 656.835
УДК определител
УДК - код + определител 656.835
100 1# - Редна дума - Автор
Автор Гросс, Оттон
Авторска отговорност първи автор
R(LIN) 56697
139 ## - Редно поле
Редна дума Гросс, Оттон и др.
Авторски знак Грос - Г 87
245 10 - Сведения за заглавието
Заглавие Путешествия в мире марок
Редно поле (дума) Оттон Гросс; съавт. Казимеж Грыжевский.
257 ## - Страна на издаване
Страна на създаване/издаване СССР
260 ## - Област на издателските данни
-- Москва
Име на издателя, разпространителя и проч. Прогресс
Година на издаване 1977
Печатница Калинин : Полиграф. комб. Союзполиграфпрома
300 ## - Физическа характеристика
Страници 252 с.
Илюстрации и др. с ил.
Размери/Мащаб 22 см
380 ## - Жанр
Жанр Техника
500 ## - Общи забележки
Забележка Ориг. загл. Podroze w swiecie znaczkow / Otton Gross, Kazimierz Gryzewski. - 50 000 тир.
650 #4 - Допълнително описание по предмет – тема
Основно описание – тема или топоним Филателия
9 (RLIN) 175409
650 #4 - Допълнително описание по предмет – тема
Основно описание – тема или топоним Пощенски марки
9 (RLIN) 248148
653 ## - Ключова дума – ненормативна
Ключова дума пощенски марки
653 ## - Ключова дума – ненормативна
Ключова дума филателия
700 1# - Други автори (авторска отговорност)
Лично име Грыжевский, Казимеж
Автороска отговорност (Описва отношението между автора и произведението) съавт.
9 (RLIN) 56916
852 ## - Местоположение
Форматна сигнатура Цб 89862
856 4# - Електронен адрес и достъп
Електронен формат pdf - файл
Път до файла /url/
856 4# - Електронен адрес и достъп
Електронен формат pdf - файл
Път до файла /url/
942 ## - АРТИКУЛИ
Вид на библиотечния материал Книги
Скрит в OPAC Не
944 ## - СЪЗДАВАНЕ И РЕДАКЦИЯ на ЗАПИСА
Създаване/Редакция Създаване
Дата на регистрацията/редакция 15.01.2003
Служител, извършил регистрацията/редакцията Людмила_Стоянова
944 ## - СЪЗДАВАНЕ И РЕДАКЦИЯ на ЗАПИСА
Създаване/Редакция Редакция
Дата на регистрацията/редакция 16.09.2003
Служител, извършил регистрацията/редакцията
999 ## - СИСТЕМНИ КОНТРОЛНИ НОМЕРА
Koha biblionumber 11527
Koha biblioitemnumber 11527
Наличности
Код за отписване Код за изгубен артикул Източник на класификационната схема Код за повреда Коз за рестрикции Код за отдаване Артикулен № Име на библиотеката - собственик Име на библиотеката, в която се намира в момента Статус (Текущо местоположение) Дата на вписване в системата Местоположение - отдел Цена в лева Инвентарен номер Систематично азбучна сигнатура Баркод Номер на екземпляра Цена в евро Служебна бележка Служебен тип на артикула
  Не е изгубен Universal Decimal Classification Не е повреден без рестрикции ползва се в читалня 20005 Регионална библиотека "Любен Каравелов" Русе Регионална библиотека "Любен Каравелов" Русе Читалня 1977-01-01 Читалня 1.88 248622 Ч 656/Г 87 120000248622 1 0.96 Дост: Pk Вид: Ф N: стар фонд Дата: 01.01.1977 Дата инв: 23.03.2017 Бележки инв: Ч2017 Книги
Изтеглен Не е изгубен Universal Decimal Classification Не е повреден без рестрикции заемане за дома 20006 Регионална библиотека "Любен Каравелов" Русе Регионална библиотека "Любен Каравелов" Русе Заемна - подръчен фонд 1977-01-01 Заемна - подръчен фонд 1.88 248621 П 656/Г 87 248621 2 0.96 Дост: Pk Вид: Ф N: стар фонд Дата: 01.01.1977 Дата инв: 06.02.2018 Бележки инв: П2018 Книги
Vip Innovations Ltd, Rousse, Bulgaria 2025